Science Quiz

Random Science or Elements Quiz

Pick the Fakes: Element Beginnings Quiz Stats

 Plays Quiz Updated Sep 1, 2017

Challenge
Share
Tweet
Embed
Score 0/14 Timer 03:00
2 Plays Today
% Correct
OXI
60.3%
XER
59.1%
WAT
57.4%
AMM
52.5%
ALL
52.3%
RUN
49.5%
DER
44.3%
% Correct
MIN
43.3%
GAN
41.5%
MON
40.6%
PAR
38.3%
YTR
33.3%
THE
32.9%
RHU
32.1%

You're not logged in!

Compare scores with friends on all Sporcle quizzes.
Join for Free
OR
Log In

You Might Also Like...

Show Comments

Extras

Top Quizzes Today


Score Distribution

Your Account Isn't Verified!

In order to create a playlist on Sporcle, you need to verify the email address you used during registration. Go to your Sporcle Settings to finish the process.

Report this User

Report this user for behavior that violates our Community Guidelines.

Details: